[Event "MVP-ch Seniors op 19th"]
[Site "Ostseebad Binz"]
[Date "2019.11.29"]
[Round "3"]
[White "Schmidt, Gerhard3333"]
[Black "Gottschalk, Juergen"]
[Result "1-0"]
[WhiteElo "2110"]
[BlackElo "1603"]
[PlyCount "41"]
[EventDate "2019.11.27"]
[EventType "swiss"]
[EventRounds "9"]
[EventCountry "GER"]
[SourceTitle "EXT 2021"]
[Source "ChessBase"]
[SourceDate "2020.10.23"]
[SourceVersion "1"]
[SourceVersionDate "2020.10.23"]
[SourceQuality "1"]

1. d4 d5 2. c4 c6 3. e3 Nf6 4. Bd3 Nbd7 5. Nf3 e6 6. 0-0 Be7 7. Nbd2 0-0 8. e4 dxe4 9. Nxe4 h6 10. Qe2 Nxe4 11. Bxe4 Nf6 12. Bc2 Bd6 13. b3 Re8 14. Bb2 Qc7 15. Ne5 c5 16. dxc5 Bxc5 17. Rad1 b6 18. Rd3 Bb7 19. Rg3 Be7 20. Ng4 Nh5 21. Nxh6+ 1-0

[Event "MVP-ch Seniors op 19th"]
[Site "Ostseebad Binz"]
[Date "2019.11.28"]
[Round "2"]
[White "Gottschalk, Juergen"]
[Black "Nuenchert, Eveline"]
[Result "1/2-1/2"]
[WhiteElo "1603"]
[BlackElo "1967"]
[PlyCount "39"]
[EventDate "2019.11.27"]
[EventType "swiss"]
[EventRounds "9"]
[EventCountry "GER"]
[SourceTitle "EXT 2021"]
[Source "ChessBase"]
[SourceDate "2020.10.23"]
[SourceVersion "1"]
[SourceVersionDate "2020.10.23"]
[SourceQuality "1"]

1. e4 c5 2. Nf3 e6 3. d4 cxd4 4. Nxd4 a6 5. Nc3 Qc7 6. Bd3 Nf6 7. h3 d6 8. f4 Be7 9. Qf3 Bd7 10. Bd2 Nc6 11. Nb3 0-0 12. g4 Rfd8 13. g5 Ne8 14. h4 b5 15. f5 Ne5 16. Qg3 Bc6 17. Rf1 d5 18. exd5 exd5 19. Ne2 Bd6 20. Ba5 1/2-1/2

[Event "MVP-ch Seniors op 17th"]
[Site "Binz"]
[Date "2017.12.02"]
[Round "4.83"]
[White "Gottschalk, Juergen"]
[Black "Freerksen, Uwe"]
[Result "1-0"]
[WhiteElo "1628"]
[BlackElo "1441"]
[PlyCount "60"]
[EventDate "2017.11.29"]
[EventType "swiss"]
[EventRounds "9"]
[EventCountry "GER"]
[SourceTitle "EXT 2019"]
[Source "ChessBase"]
[SourceDate "2018.10.10"]
[SourceVersion "1"]
[SourceVersionDate "2018.10.10"]
[SourceQuality "1"]

1. e4 e5 2. Nf3 d6 3. Bc4 Nd7 4. c3 Be7 5. d4 Ngf6 6. Ng5 0-0 7. Qb3 Qe8 8. Nd2 h6 9. Ngf3 Rb8 10. a4 a6 11. Qc2 c6 12. a5 c5 13. d5 Bd8 14. Bd3 b6 15. axb6 Ra8 16. Nc4 Qe7 17. Na5 Bxb6 18. Nc6 Qe8 19. b4 Bb7 20. b5 axb5 21. Rxa8 Qxa8 22. Bxb5 Ba6 23. c4 Bxb5 24. cxb5 Re8 25. 0-0 Ba5 26. Bd2 Bxd2 27. Nxd2 Nb6 28. f3 Qa4 29. Qb2 Qa8 30. Ra1 Qb8 1-0

[Event "Schleswig Holstein-ch Seniors op 11th"]
[Site "Buesum"]
[Date "2017.09.14"]
[Round "7"]
[White "Eschweiler, Gottfried"]
[Black "Gottschalk, Juergen"]
[Result "1/2-1/2"]
[WhiteElo "1766"]
[BlackElo "1639"]
[PlyCount "112"]
[EventDate "2017.09.08"]
[EventType "swiss"]
[EventRounds "9"]
[EventCountry "GER"]
[SourceTitle "EXT 2019"]
[Source "ChessBase"]
[SourceDate "2018.10.10"]
[SourceVersion "1"]
[SourceVersionDate "2018.10.10"]
[SourceQuality "1"]

1. e4 e5 2. Nf3 Nc6 3. Bb5 d6 4. 0-0 Bd7 5. c3 Nf6 6. d3 Be7 7. Nbd2 a6 8. Ba4 b5 9. Bb3 Be6 10. Bxe6 fxe6 11. a4 b4 12. a5 Qd7 13. Qa4 d5 14. Re1 Bd6 15. d4 dxe4 16. Nxe4 exd4 17. Nxf6+ gxf6 18. Nxd4 Nxd4 19. cxd4 Ke7 20. Qxd7+ Kxd7 21. Bd2 Rab8 22. b3 Rb5 23. Re4 Rh5 24. g3 Rg8 25. Rae1 Re8 26. Ra1 c5 27. dxc5 Rxc5 28. Bxb4 Rd5 29. Bxd6 Kxd6 30. Rb4 Rc8 31. Re1 Rc6 32. Rb6 Rxa5 33. Rxc6+ Kxc6 34. Rxe6+ Kc5 35. Rxf6 Kb4 36. Rb6+ Kc5 37. b4+ Kxb6 38. bxa5+ Kxa5 39. f4 Kb5 40. f5 Kc6 41. g4 a5 42. g5 a4 43. g6 hxg6 44. fxg6 a3 45. g7 a2 46. g8Q a1Q+ 47. Kf2 Qd4+ 48. Kf3 Qd5+ 49. Qxd5+ Kxd5 50. Kf4 Ke6 51. Kg5 Kf7 52. h4 Kg7 53. h5 Kh7 54. h6 Kh8 55. Kg6 Kg8 56. Kg5 Kh7 1/2-1/2

[Event "Mecklenburg VP LL2 West 1617"]
[Site "Mecklenburg VP"]
[Date "2017.03.19"]
[Round "7.7"]
[White "Gottschalk, Juergen"]
[Black "Voll, Andreas"]
[Result "0-1"]
[WhiteElo "1614"]
[BlackElo "1880"]
[PlyCount "82"]
[EventDate "2016.10.16"]
[EventType "team-tourn"]
[EventRounds "9"]
[EventCountry "GER"]
[SourceTitle "EXT 2022"]
[Source "ChessBase"]
[SourceDate "2021.10.06"]
[SourceVersion "1"]
[SourceVersionDate "2021.10.06"]
[SourceQuality "1"]
[WhiteTeam "Parchim SV Blau-Weiss 69"]
[BlackTeam "Schwerin SF III"]
[WhiteTeamCountry "GER"]
[BlackTeamCountry "GER"]

1. e4 c5 2. Nf3 d6 3. Bc4 e6 4. Nc3 Nf6 5. d3 Be7 6. 0-0 0-0 7. Bg5 Nc6 8. a3 a6 9. Qc1 b5 10. Ba2 Bb7 11. Re1 Rc8 12. Rb1 Qc7 13. Ne2 Rfe8 14. Nf4 Nd4 15. Nxd4 cxd4 16. Re2 h6 17. Nxe6 fxe6 18. Bxe6+ Kh7 19. Bxc8 Bxc8 20. Bh4 Qc5 21. c3 Qh5 22. Bxf6 Bxf6 23. f3 Bg5 24. Qc2 Be3+ 25. Kh1 Rf8 26. Rf1 Be6 27. Qd1 d5 28. cxd4 Bxd4 29. Rc2 Be5 30. g4 Qh3 31. Rg2 Bf4 32. Qe2 Kh8 33. d4 dxe4 34. Qxe4 Bc4 35. Rff2 Qh4 36. d5 Qg5 37. Rc2 Bxd5 38. Qe2 Bc4 39. Qe4 Rd8 40. Qe1 Bb3 41. Rce2 Rd1 0-1

[Event "MVP-ch Seniors op 16th"]
[Site "Binz"]
[Date "2016.12.01"]
[Round "9.69"]
[White "Molsner, Heinz"]
[Black "Gottschalk, Juergen"]
[Result "1-0"]
[WhiteElo "1731"]
[BlackElo "1640"]
[PlyCount "111"]
[EventDate "2016.11.23"]
[EventType "swiss"]
[EventRounds "9"]
[EventCountry "GER"]
[SourceTitle "EXT 2018"]
[Source "ChessBase"]
[SourceDate "2017.10.13"]
[SourceVersion "1"]
[SourceVersionDate "2017.10.13"]
[SourceQuality "1"]

1. e4 e5 2. Nf3 Nc6 3. Bb5 d6 4. c3 Bd7 5. d3 Nf6 6. 0-0 Be7 7. Re1 a6 8. Bc4 h6 9. Bd2 Na5 10. Bb3 Nxb3 11. Qxb3 Qc8 12. Na3 b5 13. Be3 c5 14. Nb1 0-0 15. Qc2 Qb7 16. b3 Rac8 17. Nbd2 a5 18. Nf1 Bg4 19. N3d2 Bh5 20. Ng3 Bg6 21. Nf3 Qd7 22. Nh4 Bh7 23. Nhf5 Bd8 24. Qd2 Kh8 25. f3 Ng8 26. Rf1 d5 27. d4 cxd4 28. cxd4 exd4 29. Bxd4 f6 30. Rac1 Bc7 31. Bc5 Rfd8 32. Rfd1 Bxf5 33. Nxf5 g5 34. g3 Qe6 35. Nd4 Qe8 36. Re1 dxe4 37. Rxe4 Qg6 38. Qe2 b4 39. Ne6 Re8 40. Bd4 Be5 41. Rxc8 Rxc8 42. Bc5 h5 43. Qa6 Re8 44. Qc6 g4 45. f4 Rxe6 46. Qd5 Qf5 47. fxe5 Rxe5 48. Rxe5 Qb1+ 49. Kg2 Qb2+ 50. Bf2 fxe5 51. Qxa5 e4 52. Qxh5+ Kg7 53. Qxg4+ Kf7 54. Qxe4 Nf6 55. Qxb4 Qxa2 56. Qc4+ 1-0

[Event "Hessen-ch Seniors op 12th"]
[Site "Bad Sooden-Allendorf"]
[Date "2016.05.02"]
[Round "3"]
[White "Gottschalk, Juergen"]
[Black "Fugmann, Bernd"]
[Result "1/2-1/2"]
[WhiteElo "1597"]
[BlackElo "1997"]
[PlyCount "149"]
[EventDate "2016.04.30"]
[EventType "swiss"]
[EventRounds "9"]
[EventCountry "GER"]
[SourceTitle "EXT 2019"]
[Source "ChessBase"]
[SourceDate "2018.10.10"]
[SourceVersion "1"]
[SourceVersionDate "2018.10.10"]
[SourceQuality "1"]

1. e4 c5 2. Nf3 e6 3. c4 Nc6 4. d4 cxd4 5. Nxd4 Nf6 6. Nxc6 bxc6 7. Bd3 Qc7 8. f4 d6 9. 0-0 Qb6+ 10. Kh1 e5 11. f5 Bb7 12. Nc3 Be7 13. a3 a5 14. Qe2 Qc7 15. Rb1 0-0 16. Rf3 d5 17. cxd5 cxd5 18. Rg3 Rfd8 19. Bh6 Bf8 20. Rc1 Qe7 21. Bg5 Rac8 22. h4 d4 23. Na2 Kh8 24. Rxc8 Rxc8 25. b4 axb4 26. Nxb4 h6 27. Bxf6 Qxf6 28. Rh3 Rc3 29. Nd5 Bxd5 30. exd5 Bxa3 31. g4 Qd6 32. Qf3 Rc1+ 33. Kg2 Qb4 34. g5 Qd2+ 35. Qf2 Qa5 36. Be4 Rd1 37. Rd3 Rxd3 38. Bxd3 Qxd5+ 39. Qf3 Qxf3+ 40. Kxf3 Bc1 41. Kg4 hxg5 42. hxg5 Kg8 43. Kh5 Kf8 44. g6 fxg6+ 45. Kxg6 Ba3 46. f6 gxf6 47. Kxf6 Bd6 48. Bf5 Ke8 49. Ke6 Bb8 50. Bg6+ Kd8 51. Bf5 Bc7 52. Be4 Kc8 53. Kd5 Kd7 54. Bf5+ Ke7 55. Be4 Kf6 56. Bd3 Kg5 57. Ke4 Kg4 58. Bc2 Kg3 59. Bb1 Kf2 60. Bd3 Bb8 61. Bb1 Ke2 62. Bd3+ Kd2 63. Bb1 Kc3 64. Bd3 Kb2 65. Kf3 Kc3 66. Ke4 Bc7 67. Bb1 Kd2 68. Bd3 Bd6 69. Bb1 Kc1 70. Bd3 Kb2 71. Kf3 Kc1 72. Ke4 Kd2 73. Bb1 Kc3 74. Bd3 Be7 75. Bb1 1/2-1/2

[Event "MVP-ch Seniors op 15th"]
[Site "Binz"]
[Date "2015.12.02"]
[Round "9.69"]
[White "Gottschalk, Juergen"]
[Black "Klingenberg, Dietrich"]
[Result "1/2-1/2"]
[WhiteElo "1327"]
[BlackElo "1552"]
[PlyCount "70"]
[EventDate "2015.11.24"]
[EventType "swiss"]
[EventRounds "9"]
[EventCountry "GER"]
[SourceTitle "EXT 2017"]
[Source "ChessBase"]
[SourceDate "2016.10.25"]
[SourceVersion "1"]
[SourceVersionDate "2016.10.25"]
[SourceQuality "1"]

1. e4 e6 2. d4 c6 3. Nf3 d5 4. e5 c5 5. c3 cxd4 6. Nxd4 Qc7 7. f4 Bd7 8. Bd3 Bc5 9. Nd2 Ne7 10. N2f3 Nbc6 11. Be3 Qb6 12. Qe2 Nxd4 13. Nxd4 0-0 14. b4 Bxd4 15. Bxd4 Qd8 16. 0-0 a6 17. a4 Nf5 18. Bc5 Re8 19. a5 Rc8 20. Rf3 Bc6 21. Rh3 g6 22. Qg4 d4 23. cxd4 Nxd4 24. Rd1 f5 25. exf6 Qxf6 26. Bxg6 Qxg6 27. Qxg6+ hxg6 28. Rxd4 Rc7 29. Bd6 Rh7 30. Rg3 Kf7 31. Be5 Re7 32. Rd8 Rd7 33. Rxd7+ Bxd7 34. Rc3 Bc6 35. Rd3 Ke8 1/2-1/2

[Event "Hessen-ch Seniors op 11th"]
[Site "Bad Sooden-Allendorf"]
[Date "2015.05.17"]
[Round "9"]
[White "Gottschalk, Juergen"]
[Black "Hespers, Rolf"]
[Result "0-1"]
[WhiteElo "1590"]
[BlackElo "1743"]
[PlyCount "62"]
[EventDate "2015.05.09"]
[EventType "swiss"]
[EventRounds "9"]
[EventCountry "GER"]
[SourceTitle "EXT 2018"]
[Source "ChessBase"]
[SourceDate "2017.10.13"]
[SourceVersion "1"]
[SourceVersionDate "2017.10.13"]
[SourceQuality "1"]

1. e4 e5 2. Nf3 Nc6 3. Bc4 h6 4. Nc3 Nf6 5. d4 exd4 6. Nxd4 Nxd4 7. Qxd4 b6 8. 0-0 Bc5 9. Qd3 Bb7 10. Be3 Bxe3 11. Qxe3 0-0 12. h3 Re8 13. f3 d5 14. Rad1 c6 15. Be2 Qc7 16. Qc1 dxe4 17. fxe4 Nxe4 18. Nxe4 Rxe4 19. Bd3 Re7 20. Rd2 Rae8 21. Rdf2 b5 22. b3 a6 23. a3 c5 24. c4 Qd7 25. Qb1 Bc6 26. Bh7+ Kh8 27. Bg6 fxg6 28. Qxg6 Rg8 29. Rf7 Bb7 30. Rxg7 Rexg7 31. Qxh6+ Rh7 0-1

[Event "Hessen-ch Seniors op 11th"]
[Site "Bad Sooden-Allendorf"]
[Date "2015.05.15"]
[Round "7"]
[White "Gottschalk, Juergen"]
[Black "Schumacher, Ursula"]
[Result "1-0"]
[WhiteElo "1590"]
[BlackElo "1670"]
[PlyCount "76"]
[EventDate "2015.05.09"]
[EventType "swiss"]
[EventRounds "9"]
[EventCountry "GER"]
[SourceTitle "EXT 2018"]
[Source "ChessBase"]
[SourceDate "2017.10.13"]
[SourceVersion "1"]
[SourceVersionDate "2017.10.13"]
[SourceQuality "1"]

1. e4 c6 2. Nf3 d5 3. e5 e6 4. d4 c5 5. c3 Nd7 6. Bd3 Be7 7. Be3 a6 8. a4 c4 9. Bc2 b6 10. Nbd2 Bb7 11. b3 b5 12. Qb1 g6 13. b4 f5 14. exf6 Bxf6 15. Bf4 Ne7 16. 0-0 0-0 17. Re1 Qb6 18. a5 Qc6 19. Be5 Nf5 20. Bxf6 Rxf6 21. Ne5 Qc7 22. Ndf3 Re8 23. Qc1 Kg7 24. Ng5 Nf8 25. Ng4 Bc6 26. Nxf6 Kxf6 27. Nf3 h6 28. Ne5 g5 29. Qd1 Kg7 30. Qg4 Bd7 31. Ra2 Qd6 32. Bd1 Re7 33. Rae2 Be8 34. g3 Nh7 35. Bc2 Nf6 36. Qh3 Bg6 37. Nxg6 Kxg6 38. Bxf5+ exf5 1-0

[Event "MVP-ch Seniors op 14th"]
[Site "Binz"]
[Date "2014.12.02"]
[Round "8"]
[White "Gottschalk, Juergen"]
[Black "Ludwig, Richard"]
[Result "0-1"]
[WhiteElo "1311"]
[BlackElo "1409"]
[PlyCount "60"]
[EventDate "2014.11.25"]
[EventType "swiss"]
[EventRounds "9"]
[EventCountry "GER"]
[SourceTitle "EXT 2016"]
[Source "ChessBase"]
[SourceDate "2015.10.08"]
[SourceVersion "1"]
[SourceVersionDate "2015.10.08"]
[SourceQuality "1"]

1. e4 Nf6 2. e5 Nd5 3. c4 Nb6 4. d4 d6 5. Nc3 dxe5 6. dxe5 Qxd1+ 7. Nxd1 Nc6 8. Bf4 Nb4 9. Ne3 Be6 10. a3 Nc6 11. Nf3 h6 12. b3 g5 13. Bg3 0-0-0 14. c5 Nd7 15. b4 Bg7 16. Bc4 Ncxe5 17. Nxe5 Nxe5 18. Bxe6+ fxe6 19. Bxe5 Bxe5 20. Rb1 Bc3+ 21. Kf1 Rhf8 22. g3 Rd2 23. Nd1 Bd4 24. Kg2 Bxf2 25. Kh3 Bd4 26. a4 h5 27. g4 Rd3+ 28. Kg2 Rd2+ 29. Kh3 h4 30. Ne3 Rd3 0-1